| 000 | 00378nam a2200133Ia 4500 | ||
|---|---|---|---|
| 008 | 240719s9999 xx 000 0 und d | ||
| 041 | _aeng | ||
| 082 | _a658.100 SHA | ||
| 100 | _aShankar, Ravi | ||
| 245 | _aManagement Mantras Keys To EffectiveManagement And Leadership | ||
| 260 |
_aDelhi _bJaico Book _c2013 |
||
| 300 | _a212.; P. 22 Cm | ||
| 520 | _aGifted By : IMT Faculty | ||
| 999 |
_c41424 _d41424 |
||